LEADER 01742oam 2200505Kn 450 001 9910712927903321 005 20180920060624.6 024 8 $aGOVPUB-C13-6d88153d1a009ae9a72081b8b11cd4d1 035 $a(CKB)5470000002498916 035 $a(OCoLC)541246590 035 $a(OCoLC)995470000002498916 035 $a(EXLCZ)995470000002498916 100 $a20100305d1970 ua 0 101 0 $aeng 135 $aurun||||a|a|| 181 $ctxt$2rdacontent 182 $cc$2rdamedia 183 $acr$2rdacarrier 200 10$aAlgorithms for psychometric calculations (skeleton tables for the thermodynamic properties of moist air)$fT. Kusuda 210 1$aWashington :$cU.S. National Bureau of Standards; for sale by the Supt. of Docs., U.S. Govt. Print. Off.,$d1970. 215 $a1 online resource (iii, 50 pages) 225 1 $aBuilding science series ;$v21 300 $aContributed record: Metadata reviewed, not verified. Some fields updated by batch processes. 320 $aIncludes bibliographical references (page 10). 517 $aAlgorithms for psychometric calculations 606 $aHygrometry$vTables 606 $aHygrometry$2fast 608 $aTables.$2fast 615 0$aHygrometry 615 7$aHygrometry. 676 $a690/.08 s 700 $aKusuda$b Tamami$01112476 712 02$aUnited States.$bNational Bureau of Standards. 801 0$bOCLCE 801 1$bOCLCE 801 2$bOCLCQ 801 2$bBSNBS 801 2$bOCLCQ 801 2$bOCLCF 801 2$bOCLCO 801 2$bOCLCQ 906 $aBOOK 912 $a9910712927903321 996 $aAlgorithms for psychometric calculations (skeleton tables for the thermodynamic properties of moist air)$93477202 997 $aUNINA LEADER 02778oam 2200685Ia 450 001 9910778334003321 005 20190503073343.0 010 $a0-262-26151-0 010 $a1-282-09942-6 010 $a9786612099427 010 $a0-262-26737-3 010 $a1-4356-3304-0 035 $a(CKB)1000000000482592 035 $a(OCoLC)432428646 035 $a(CaPaEBR)ebrary10216855 035 $a(SSID)ssj0000241643 035 $a(PQKBManifestationID)11202289 035 $a(PQKBTitleCode)TC0000241643 035 $a(PQKBWorkID)10298071 035 $a(PQKB)11532210 035 $a(MiAaPQ)EBC3338777 035 $a(OCoLC)213362775$z(OCoLC)432428646$z(OCoLC)648350237$z(OCoLC)743198346$z(OCoLC)815776659$z(OCoLC)961596037$z(OCoLC)962700746$z(OCoLC)962789882$z(OCoLC)988461262$z(OCoLC)990713397$z(OCoLC)992057951$z(OCoLC)992077579$z(OCoLC)1037489768$z(OCoLC)1037916258$z(OCoLC)1038564663$z(OCoLC)1055406663$z(OCoLC)1066007955$z(OCoLC)1081218053$z(OCoLC)1083562347 035 $a(OCoLC-P)213362775 035 $a(MaCbMITP)7854 035 $a(Au-PeEL)EBL3338777 035 $a(CaPaEBR)ebr10216855 035 $a(CaONFJC)MIL209942 035 $a(OCoLC)213362775 035 $a(EXLCZ)991000000000482592 100 $a20080313d2008 uy 0 101 0 $aeng 135 $aurcn||||||||| 181 $ctxt 182 $cc 183 $acr 200 10$aScenario visualization $ean evolutionary account of creative problem solving /$fRobert Arp 210 $aCambridge, Mass. $cMIT Press$dİ2008 210 4$dİ2008 215 $a1 online resource (220 p.) 300 $aBibliographic Level Mode of Issuance: Monograph 311 $a0-262-01244-8 320 $aIncludes bibliographical references (p. [167]-206) and index. 327 $aRoutine problem solving versus nonroutine creative problem solving -- Organisms and hierarchical organization -- Emergence and function -- The visual system -- The evolution of the visual system and scenario visualization -- Scenario visualization, creative problem solving, and evolutionary psychology. 330 $aAn account of how humans evolved a conscious, vision-related ability unique to their species in order to solve nonroutine problems. 606 $aVisualization 606 $aProblem solving$xMethodology 606 $aCreative thinking 610 $aCOGNITIVE SCIENCES/General 610 $aCOGNITIVE SCIENCES/Psychology/Cognitive Psychology 615 0$aVisualization. 615 0$aProblem solving$xMethodology. 615 0$aCreative thinking. 676 $a153.3/2 700 $aArp$b Robert$0876183 801 0$bOCoLC-P 801 1$bOCoLC-P 906 $aBOOK 912 $a9910778334003321 996 $aScenario visualization$93832018 997 $aUNINA